<?xml version="1.0" encoding="UTF-8"?>
<record
    xmlns:xsi="http://www.w3.org/2001/XMLSchema-instance"
    xsi:schemaLocation="http://www.loc.gov/MARC21/slim http://www.loc.gov/standards/marcxml/schema/MARC21slim.xsd"
    xmlns="http://www.loc.gov/MARC21/slim">

  <leader>00513nam a2200157   4500</leader>
  <controlfield tag="001">2666</controlfield>
  <datafield tag="090" ind1=" " ind2=" ">
    <subfield code="a">2666</subfield>
  </datafield>
  <datafield tag="100" ind1=" " ind2=" ">
    <subfield code="a">20190723b u||y0fre||u0ba y50</subfield>
  </datafield>
  <datafield tag="101" ind1=" " ind2=" ">
    <subfield code="a">eng</subfield>
  </datafield>
  <datafield tag="200" ind1=" " ind2=" ">
    <subfield code="a">Hera</subfield>
    <subfield code="b">P&#xE9;riodique</subfield>
    <subfield code="f">Hera, Inc. </subfield>
    <subfield code="e">A Philadelphia Feminist Publication</subfield>
  </datafield>
  <datafield tag="210" ind1=" " ind2=" ">
    <subfield code="a">Etats-Unis</subfield>
    <subfield code="b">Hera, Inc. c/o Alexandria Books, Inc. 2041 Walnut Street, Philadelphia, Pa. 19103 </subfield>
    <subfield code="c">Hera, Inc. </subfield>
  </datafield>
  <datafield tag="606" ind1=" " ind2=" ">
    <subfield code="a">F&#xE9;minisme</subfield>
    <subfield code="9">429</subfield>
  </datafield>
  <datafield tag="607" ind1=" " ind2=" ">
    <subfield code="9">1006</subfield>
    <subfield code="a">Etats-Unis d'Am&#xE9;rique</subfield>
  </datafield>
  <datafield tag="710" ind1=" " ind2=" ">
    <subfield code="9">6649</subfield>
    <subfield code="a">Hera, Inc. </subfield>
  </datafield>
  <datafield tag="801" ind1=" " ind2=" ">
    <subfield code="a">CH</subfield>
    <subfield code="b">CH-002049-8</subfield>
  </datafield>
  <datafield tag="955" ind1=" " ind2=" ">
    <subfield code="r">1975: vol.1 n&#xB0;1</subfield>
  </datafield>
  <datafield tag="995" ind1=" " ind2=" ">
    <subfield code="1">0</subfield>
    <subfield code="2">0</subfield>
    <subfield code="3">0</subfield>
    <subfield code="5">2022-04-01</subfield>
    <subfield code="9">3165</subfield>
    <subfield code="b">ARCHIC</subfield>
    <subfield code="c">ARCHIC</subfield>
    <subfield code="e">P&#xE9;riodiques</subfield>
    <subfield code="f">4116</subfield>
    <subfield code="h">MLF</subfield>
    <subfield code="k">P202</subfield>
    <subfield code="o">1</subfield>
  </datafield>
</record>
